00862nam a2200289Ia 4500008004100000020001800041050000800059050001400067100002300081245001700104245003200121245006300153250002000216260002300236260001200259260000900271300002200280300002800302300001000330500003300340650001500373700002200388700002400410700001100434999001900445952010800464171025s9999 xx 000 0 und d a9780030212833 a330 bM938 2000 aGwartney, James D. aEconomics :  bprivate and public choice / cJames D. Gwartney, Richard L. Stroup and Russell S. Sobel. aNineth edition. aOrlando, Florida : bDryden, c2000 axlvi, 934 pages : bcolored illustrations ; c26cm. aIncludes glossary and index. aEconomics. aSobel, Russell S. aStroup, Richard L.  aTitle. c344870d344870 001040aSSISMbSSISMd2017-10-25l0oSHS 330 M938 2000pSSISM3923r2017-10-25 00:00:00w2017-10-25yBK